000 00318nam a22001337a 4500
008 170615b xxu||||| |||| 00| 0 eng d
020 _a9780415226059
041 _aeng
080 _22ND
_a32
100 _a19
101 _aSHP
245 _aTHE CONCEPTS AND THEORIES OF MODERN DEMOCRACY
_cBIRCH,A.H
942 _2udc
_cBK
999 _c17520
_d17520